[Event "Reno Far West op"]
[Site "Reno"]
[Date "2004.04.10"]
[Round "4"]
[White "Ishkanov, Tigran"]
[Black "Majigsuren, Dovdon"]
[Result "1-0"]
[WhiteElo "2315"]
[BlackElo "2208"]
[PlyCount "95"]
[EventDate "2004.04.09"]
[EventType "swiss"]
[EventRounds "6"]
[EventCountry "USA"]
[SourceTitle "EXT 2009"]
[Source "ChessBase"]
[SourceDate "2008.11.26"]
[SourceVersion "1"]
[SourceVersionDate "2008.11.26"]
[SourceQuality "1"]

1. e4 e5 2. Bc4 Nf6 3. d3 Nc6 4. Nc3 d6 5. f4 Na5 6. Bb3 Nxb3 7. axb3 exf4 8. Bxf4 Be7 9. Nf3 0-0 10. 0-0 a6 11. Kh1 h6 12. Qd2 Nh5 13. Be3 f5 14. Nd4 fxe4 15. dxe4 Nf6 16. h3 Bd7 17. Kg1 Qe8 18. Nf5 Bxf5 19. exf5 Qf7 20. Rae1 d5 21. Bd4 c6 22. Re6 Rad8 23. Qe3 Rd7 24. Re1 Ne4 25. Nxe4 dxe4 26. Qxe4 Bg5 27. h4 Bf6 28. Bxf6 gxf6 29. Re7 Rxe7 30. Qxe7 Qh5 31. Qe4 Kh8 32. Kh2 Rg8 33. Kh3 Qf7 34. Qe7 Qh5 35. Qe4 Qf7 36. Re3 Qg7 37. g3 h5 38. Qf4 Kh7 39. Re4 Qd7 40. Qf3 Qf7 41. Qe2 Rg7 42. Re8 c5 43. c4 b6 44. Kh2 b5 45. Kh3 bxc4 46. bxc4 Kh6 47. Qd2+ Kh7 48. Qd8 1-0

[Event "American op 39th"]
[Site "Los Angeles"]
[Date "2003.11.28"]
[Round "3"]
[White "Airapetian, Chouchanik"]
[Black "Majigsuren, Dovdon"]
[Result "0-1"]
[WhiteElo "2074"]
[BlackElo "2135"]
[PlyCount "52"]
[EventDate "2003.11.27"]
[EventType "swiss"]
[EventRounds "8"]
[EventCountry "USA"]
[SourceTitle "CBM 097 Extra"]
[Source "ChessBase"]
[SourceDate "2004.01.13"]
[SourceVersion "1"]
[SourceVersionDate "2004.01.13"]
[SourceQuality "1"]

1. e4 c5 2. Nf3 d6 3. d4 cxd4 4. Nxd4 Nf6 5. Nc3 g6 6. Be3 Bg7 7. f3 Nc6 8. Qd2 0-0 9. 0-0-0 d5 10. Nxc6 bxc6 11. exd5 cxd5 12. Nxd5 Nxd5 13. Qxd5 Qc7 14. Qc5 Qb8 15. Bd4 e5 16. Bc3 Be6 17. Bd3 Rc8 18. Qe3 Rxc3 19. bxc3 Qc7 20. Be4 Rc8 21. Bd5 Bxd5 22. Rxd5 e4 23. Qxe4 Qxc3 24. Rb5 Rd8 25. Rd1 Qa1+ 26. Rb1 Bb2# 0-1

[Event "Olympiad Women-33"]
[Site "Elista"]
[Date "1998.10.02"]
[Round "4"]
[White "Cosma, Elena Luminita"]
[Black "Majigsuren, Dovdon"]
[Result "1-0"]
[WhiteElo "2360"]
[BlackElo "2155"]
[PlyCount "84"]
[EventDate "1998.09.29"]
[EventType "team-swiss"]
[EventRounds "13"]
[EventCountry "RUS"]
[SourceTitle "CBM 066 Extra"]
[Source "ChessBase"]
[SourceDate "1998.11.06"]
[SourceVersion "1"]
[SourceVersionDate "1998.11.06"]
[SourceQuality "1"]

1. d4 Nf6 2. Nf3 g6 3. g3 Bg7 4. Bg2 d5 5. 0-0 0-0 6. c4 dxc4 7. Na3 Na6 8. Nxc4 c5 9. b3 Be6 10. Bb2 Bd5 11. Rc1 cxd4 12. Qxd4 Nh5 13. Nce5 Qa5 14. Bc3 Qc5 15. Qxc5 Nxc5 16. Rfd1 Rfd8 17. Bb4 Bxf3 18. Nxf3 Rxd1+ 19. Rxd1 Rc8 20. Bxc5 Rxc5 21. Rd7 Rc2 22. Rxe7 Rxa2 23. Rxb7 h6 24. Bf1 Nf6 25. Rb4 Nd5 26. Rb8+ Kh7 27. Rb7 Kg8 28. e3 Ra1 29. Kg2 Ra2 30. Kg1 Ra1 31. Rb5 Nc3 32. Rb8+ Kh7 33. Rb7 Kg8 34. Kg2 Ne4 35. Bd3 Nc5 36. Rb8+ Kh7 37. Bc4 Ne6 38. Rb7 Kg8 39. Nh4 Ng5 40. Nxg6 Ra2 41. h4 Ne6 42. Ne7+ Kh8 1-0

[Event "Olympiad Women-32"]
[Site "Yerevan"]
[Date "1996.??.??"]
[Round "14"]
[White "Hernandez Alvarez, Tania Regla"]
[Black "Majigsuren, Dovdon"]
[Result "0-1"]
[WhiteElo "2220"]
[BlackElo "2110"]
[PlyCount "122"]
[EventDate "1996.09.15"]
[EventType "team-swiss"]
[EventRounds "14"]
[EventCountry "ARM"]
[SourceTitle "EXT 1997"]
[Source "ChessBase"]
[SourceDate "1996.11.15"]
[SourceVersion "1"]
[SourceVersionDate "1996.11.15"]
[SourceQuality "1"]

1. e4 e5 2. Nf3 Nc6 3. Bb5 Nf6 4. 0-0 Bc5 5. c3 0-0 6. d4 Bb6 7. Bg5 h6 8. Bh4 d6 9. Bxc6 bxc6 10. dxe5 dxe5 11. Qxd8 Rxd8 12. Nxe5 g5 13. Bg3 Nxe4 14. Nxc6 Ba6 15. Nxd8 Rxd8 16. Re1 f5 17. Na3 Rd2 18. Red1 Rxd1+ 19. Rxd1 f4 20. Bxf4 gxf4 21. c4 Nxf2 22. Rd8+ Kg7 23. Kf1 Ng4 24. Ke2 Ne3 25. Kf3 Nxc4 26. Nxc4 Bxc4 27. b3 Be6 28. Kxf4 c6 29. Ra8 Bd5 30. g3 Kg6 31. Rc8 Bg1 32. h4 Bc5 33. Rd8 a5 34. g4 Be7 35. h5+ Kf6 36. Ra8 Bd6+ 37. Ke3 Bb4 38. Kf4 Bd2+ 39. Kg3 Ke5 40. Rf8 c5 41. Kf2 Kd4 42. Ke2 Bg5 43. Rf2 c4 44. bxc4 Bxc4+ 45. Kf3 Kc3 46. Ke4 Be6 47. Rg2 Kb4 48. Ke5 Bg8 49. Kd6 a4 50. a3+ Kxa3 51. Kc5 Bf4 52. Kb5 Kb3 53. Rf2 Bc4+ 54. Kc6 Bc1 55. Rf3+ Kb4 56. Rf8 a3 57. Rb8+ Kc3 58. Ra8 a2 59. Kd6 Kb2 60. Kc5 Bb3 61. Kb4 Bd2+ 0-1

[Event "Kobanya op"]
[Site "Kobanya"]
[Date "1996.??.??"]
[Round "4"]
[White "Majigsuren, Dovdon"]
[Black "De Santis, Alessio"]
[Result "0-1"]
[WhiteElo "2110"]
[BlackElo "2320"]
[PlyCount "64"]
[EventDate "1996.??.??"]
[EventType "swiss"]
[EventRounds "9"]
[EventCountry "HUN"]
[SourceTitle "EXT 2004"]
[Source "ChessBase"]
[SourceDate "2003.11.25"]
[SourceVersion "1"]
[SourceVersionDate "2003.11.25"]
[SourceQuality "1"]

1. e4 d6 2. d4 Nf6 3. Nc3 c6 4. f4 Qa5 5. Bd3 e5 6. Nf3 Bg4 7. dxe5 dxe5 8. fxe5 Nfd7 9. Qe2 Nxe5 10. Bd2 Nbd7 11. 0-0-0 Qc7 12. h3 Bh5 13. g4 Bg6 14. Rhf1 Bc5 15. Nxe5 Nxe5 16. h4 h5 17. g5 0-0-0 18. Bf4 Rhe8 19. Qh2 Bd4 20. Ne2 Bc5 21. Kb1 Bd6 22. Qg3 Qd7 23. a3 Qg4 24. Bxe5 Bxe5 25. Qxg4+ hxg4 26. Rg1 Rh8 27. Rxg4 Bh5 28. Rgg1 Rxd3 29. cxd3 Bxe2 30. Rd2 Bd4 31. Re1 Bg4 32. Rh1 c5 0-1

[Event "Kobanya op"]
[Site "Kobanya"]
[Date "1996.??.??"]
[Round "1"]
[White "Majigsuren, Dovdon"]
[Black "Jamrich, Gyorgy"]
[Result "0-1"]
[WhiteElo "2110"]
[BlackElo "2295"]
[PlyCount "76"]
[EventDate "1996.??.??"]
[EventType "swiss"]
[EventRounds "9"]
[EventCountry "HUN"]
[SourceTitle "EXT 2004"]
[Source "ChessBase"]
[SourceDate "2003.11.25"]
[SourceVersion "1"]
[SourceVersionDate "2003.11.25"]
[SourceQuality "1"]

1. e4 d5 2. exd5 Qxd5 3. Nc3 Qa5 4. d4 Nf6 5. Nf3 Bg4 6. h3 Bh5 7. g4 Bg6 8. Ne5 e6 9. Nc4 Qa6 10. Bf4 Qc6 11. f3 Bb4 12. Be2 h5 13. Ne5 Bxc3+ 14. Kf1 Qd5 15. bxc3 hxg4 16. c4 Qa5 17. Nxg6 fxg6 18. fxg4 0-0 19. Kg2 Nc6 20. Qd3 Rad8 21. Bd2 Qa4 22. c3 e5 23. d5 e4 24. Qg3 Qc2 25. Rhd1 Na5 26. Rac1 Qa4 27. Qxc7 e3 28. Bxe3 Rde8 29. Qc5 b6 30. Qd4 Re4 31. Qd2 Rfe8 32. Re1 Rxe3 33. Bd1 Rxe1 34. Bxa4 R1e2+ 35. Qxe2 Rxe2+ 36. Kf3 Rxa2 37. Bb5 a6 38. Bxa6 Nb3 0-1

[Event "Wch U20 Girls"]
[Site "Medellin"]
[Date "1996.??.??"]
[Round "13"]
[White "Majigsuren, Dovdon"]
[Black "Vark, Liina"]
[Result "1/2-1/2"]
[WhiteElo "2110"]
[BlackElo "2040"]
[PlyCount "58"]
[EventDate "1996.11.??"]
[EventType "swiss"]
[EventRounds "13"]
[EventCountry "COL"]
[SourceTitle "Juniors"]
[Source "ChessBase"]
[SourceDate "1999.07.01"]
[SourceVersion "1"]
[SourceVersionDate "1999.07.01"]
[SourceQuality "1"]

1. e4 e5 2. Nf3 Nc6 3. Bb5 a6 4. Bxc6 dxc6 5. 0-0 f6 6. d4 Bg4 7. dxe5 Qxd1 8. Rxd1 fxe5 9. Rd3 Bd6 10. Nbd2 Nf6 11. Nc4 Bxf3 12. gxf3 0-0-0 13. Bg5 h6 14. Bh4 g5 15. Bg3 Nh5 16. Bxe5 Bxe5 17. Rxd8+ Rxd8 18. Nxe5 Rd2 19. Rc1 Nf4 20. Kf1 h5 21. Ke1 Re2+ 22. Kf1 Rd2 23. Nc4 Rd4 24. Ne3 Rd8 25. Rd1 Re8 26. Ng2 Ng6 27. Ke2 Rf8 28. Ke3 Ne5 29. Ne1 Nc4+ 1/2-1/2

[Event "Wch U20 Girls"]
[Site "Medellin"]
[Date "1996.??.??"]
[Round "2"]
[White "Majigsuren, Dovdon"]
[Black "Zhu, Chen"]
[Result "0-1"]
[WhiteElo "2110"]
[BlackElo "2420"]
[PlyCount "86"]
[EventDate "1996.11.??"]
[EventType "swiss"]
[EventRounds "13"]
[EventCountry "COL"]
[SourceTitle "Juniors"]
[Source "ChessBase"]
[SourceDate "1999.07.01"]
[SourceVersion "1"]
[SourceVersionDate "1999.07.01"]
[SourceQuality "1"]

1. e4 c5 2. Nf3 d6 3. d4 cxd4 4. Nxd4 Nf6 5. Nc3 a6 6. Bg5 e6 7. f4 Qc7 8. Qf3 Nc6 9. 0-0-0 Bd7 10. Bh4 Be7 11. Nb3 Rc8 12. g4 h6 13. Bxf6 Bxf6 14. h4 Nb4 15. Kb1 b5 16. Rh2 d5 17. e5 Be7 18. Bd3 Nxd3 19. Qxd3 Qc4 20. Qxc4 bxc4 21. Nd4 Rb8 22. b3 0-0 23. g5 Kh7 24. Kb2 a5 25. Rg2 Bc5 26. Nce2 a4 27. Rg3 axb3 28. axb3 cxb3 29. cxb3 Bb5 30. h5 Bxe2 31. Nxe2 Rb4 32. Rdd3 Re4 33. g6+ fxg6 34. hxg6+ Kg8 35. Rg2 Be3 36. f5 exf5 37. Rxd5 f4 38. Nc3 f3 39. Rc2 Bd4 40. Rxd4 Rxd4 41. Rf2 Rd3 42. b4 Re3 43. Kb3 Rc8 0-1

[Event "Budapest FS10 IM-B"]
[Site "Budapest"]
[Date "1995.??.??"]
[Round "4"]
[White "Hetey, Laszlo"]
[Black "Majigsuren, Dovdon"]
[Result "1-0"]
[WhiteElo "2290"]
[BlackElo "2155"]
[PlyCount "85"]
[EventDate "1995.10.??"]
[EventType "tourn"]
[EventRounds "11"]
[EventCountry "HUN"]
[EventCategory "2"]
[SourceTitle "CBM 050 Extra"]
[Source "ChessBase"]
[SourceDate "1996.03.01"]
[SourceVersion "1"]
[SourceVersionDate "1996.03.01"]
[SourceQuality "1"]

1. d4 Nf6 2. c4 g6 3. Nc3 d5 4. cxd5 Nxd5 5. e4 Nxc3 6. bxc3 Bg7 7. Nf3 c5 8. Rb1 0-0 9. Be2 Qa5 10. Qd2 a6 11. 0-0 Nc6 12. Rd1 Rd8 13. Bb2 Qxa2 14. d5 Qa5 15. Qg5 f6 16. Qg3 Ne5 17. Nd2 b5 18. f4 Nf7 19. Nb3 Qc7 20. Ba3 e6 21. dxe6 Bxe6 22. Nxc5 Qb6 23. Qf2 Rac8 24. Rxd8+ Rxd8 25. c4 Qd6 26. cxb5 axb5 27. Bb4 Qc6 28. Bxb5 Qxb5 29. Nxe6 Qd3 30. Re1 Re8 31. Nxg7 Kxg7 32. Qc5 g5 33. e5 fxe5 34. fxe5 Qd7 35. e6 Rxe6 36. Qf8+ Kg6 37. Qg8+ Kh5 38. Qxh7+ Rh6 39. Qe4 Qa7+ 40. Re3 Qa1+ 41. Be1 g4 42. Qf5+ Ng5 43. Rh3+ 1-0

[Event "Wch U20 Girls"]
[Site "Halle"]
[Date "1995.??.??"]
[Round "8"]
[White "Kadimova, Ilaha"]
[Black "Majigsuren, Dovdon"]
[Result "1-0"]
[WhiteElo "2305"]
[BlackElo "2155"]
[PlyCount "83"]
[EventDate "1995.09.??"]
[EventType "swiss"]
[EventRounds "13"]
[EventCountry "GER"]
[SourceTitle "EXT 1997"]
[Source "ChessBase"]
[SourceDate "1996.11.15"]
[SourceVersion "1"]
[SourceVersionDate "1996.11.15"]
[SourceQuality "1"]

1. d4 Nf6 2. c4 g6 3. Nc3 d5 4. Bf4 Bg7 5. Nf3 0-0 6. e3 c5 7. dxc5 Qa5 8. Rc1 dxc4 9. Bxc4 Qxc5 10. Bb3 Nc6 11. 0-0 Qa5 12. h3 Bf5 13. Qe2 Ne4 14. Nd5 e5 15. Bh2 Be6 16. Rfd1 Nc5 17. Bc4 e4 18. Ng5 Nd3 19. Nxe6 fxe6 20. Nc7 Nxc1 21. Rxc1 Rac8 22. Bxe6+ Kh8 23. Bxc8 Rxc8 24. Ne6 Qxa2 25. Nxg7 Kxg7 26. Be5+ Kf7 27. Qg4 Qe6 28. Qxe4 Rf8 29. Rc5 Kg8 30. f4 Rf5 31. Rd5 Nxe5 32. fxe5 b6 33. Qd4 h5 34. b4 Kg7 35. e4 Rf8 36. Rd6 Qc8 37. e6+ Kg8 38. Qd2 Qc4 39. e7 Re8 40. Rxg6+ Kf7 41. Qg5 Qd4+ 42. Kh2 1-0

[Event "Budapest FS10 IM-B"]
[Site "Budapest"]
[Date "1995.??.??"]
[Round "5"]
[White "Majigsuren, Dovdon"]
[Black "Farago, Sandor"]
[Result "0-1"]
[WhiteElo "2155"]
[BlackElo "2360"]
[PlyCount "78"]
[EventDate "1995.10.??"]
[EventType "tourn"]
[EventRounds "11"]
[EventCountry "HUN"]
[EventCategory "2"]
[SourceTitle "CBM 050 Extra"]
[Source "ChessBase"]
[SourceDate "1996.03.01"]
[SourceVersion "1"]
[SourceVersionDate "1996.03.01"]
[SourceQuality "1"]

1. e4 c5 2. Nf3 d6 3. d4 cxd4 4. Nxd4 Nf6 5. Nc3 g6 6. Be2 Bg7 7. 0-0 0-0 8. Be3 a6 9. a4 Nbd7 10. Nb3 b6 11. f4 Bb7 12. Bf3 Qc7 13. g4 Nc5 14. Nxc5 bxc5 15. Rb1 e6 16. g5 Nd7 17. f5 Be5 18. Qd2 gxf5 19. exf5 d5 20. Qg2 Nb6 21. f6 Nc4 22. Bc1 Kh8 23. Qh3 Rg8 24. Be2 Nd6 25. Bd3 Ne4 26. Qh4 c4 27. Bxe4 dxe4 28. Be3 Rg6 29. Kf2 Rag8 30. Rg1 Qc6 31. Rg4 Bxf6 32. Rbg1 Be5 33. Nxe4 Qxa4 34. b3 Qa2 35. bxc4 Qxc2+ 36. Nd2 f5 37. gxf6 Qf5+ 38. Ke2 Rxg4 39. f7 Rg2+ 0-1

[Event "Budapest FS10 IM-B"]
[Site "Budapest"]
[Date "1995.??.??"]
[Round "1"]
[White "Majigsuren, Dovdon"]
[Black "Krutti, Valer"]
[Result "1-0"]
[WhiteElo "2155"]
[BlackElo "2355"]
[PlyCount "61"]
[EventDate "1995.10.??"]
[EventType "tourn"]
[EventRounds "11"]
[EventCountry "HUN"]
[EventCategory "2"]
[SourceTitle "CBM 050 Extra"]
[Source "ChessBase"]
[SourceDate "1996.03.01"]
[SourceVersion "1"]
[SourceVersionDate "1996.03.01"]
[SourceQuality "1"]

1. e4 c6 2. d4 d5 3. exd5 cxd5 4. c4 Nf6 5. Nc3 e6 6. Nf3 Be7 7. Bd3 dxc4 8. Bxc4 0-0 9. 0-0 Nc6 10. a3 b6 11. Re1 Bb7 12. Ba2 Rc8 13. Bf4 Na5 14. Be5 Nc4 15. Qe2 Nd6 16. Rad1 Nde4 17. Nxe4 Nxe4 18. Qd3 Nf6 19. Ng5 g6 20. Qh3 h5 21. Bxe6 fxe6 22. Qxe6+ Kg7 23. d5 Bc5 24. b4 Bxf2+ 25. Kxf2 Kh6 26. Nf7+ Rxf7 27. Qxf7 Rc2+ 28. Kg1 Nxd5 29. Bf4+ Nxf4 30. Qxf4+ Qg5 31. Qf8+ 1-0

[Event "Budapest FS10 IM-B"]
[Site "Budapest"]
[Date "1995.??.??"]
[Round "3"]
[White "Majigsuren, Dovdon"]
[Black "Schlusnik, Nandor"]
[Result "1-0"]
[WhiteElo "2155"]
[BlackElo "2230"]
[PlyCount "65"]
[EventDate "1995.10.??"]
[EventType "tourn"]
[EventRounds "11"]
[EventCountry "HUN"]
[EventCategory "2"]
[SourceTitle "CBM 050 Extra"]
[Source "ChessBase"]
[SourceDate "1996.03.01"]
[SourceVersion "1"]
[SourceVersionDate "1996.03.01"]
[SourceQuality "1"]

1. e4 c5 2. Nf3 d6 3. d4 cxd4 4. Nxd4 Nf6 5. Nc3 g6 6. Be2 Bg7 7. 0-0 0-0 8. Be3 Nbd7 9. Nb3 a6 10. f4 b5 11. Bf3 Bb7 12. a3 Qc7 13. Qe2 e5 14. Rad1 exf4 15. Bxf4 Ne5 16. Bxe5 dxe5 17. Rd2 Bc8 18. Qe3 Be6 19. Nc5 Qb6 20. Rfd1 Rfc8 21. b4 Bf8 22. Nd5 Bxd5 23. exd5 Bd6 24. Kh1 Nd7 25. Bg4 Rxc5 26. bxc5 Nxc5 27. Rf1 f5 28. Bxf5 gxf5 29. Qg5+ Kh8 30. Qf6+ Kg8 31. Rxf5 Ne4 32. Qf7+ Kh8 33. Rh5 1-0

[Event "Budapest FS10 IM-B"]
[Site "Budapest"]
[Date "1995.??.??"]
[Round "10"]
[White "Majigsuren, Dovdon"]
[Black "Touzane, Olivier"]
[Result "0-1"]
[WhiteElo "2155"]
[BlackElo "2250"]
[PlyCount "147"]
[EventDate "1995.10.??"]
[EventType "tourn"]
[EventRounds "11"]
[EventCountry "HUN"]
[EventCategory "2"]
[SourceTitle "CBM 050 Extra"]
[Source "ChessBase"]
[SourceDate "1996.03.01"]
[SourceVersion "1"]
[SourceVersionDate "1996.03.01"]
[SourceQuality "1"]

1. e4 g6 2. d4 Bg7 3. Nc3 c6 4. Bc4 d5 5. exd5 b5 6. Bb3 b4 7. Ne4 cxd5 8. Nc5 Nf6 9. Nf3 0-0 10. 0-0 Nbd7 11. Nd3 a5 12. a3 bxa3 13. Rxa3 Bb7 14. c3 Ne4 15. Bf4 e6 16. Nd2 Ba6 17. Qc2 Qh4 18. Be3 Nxd2 19. Qxd2 Nf6 20. f3 Bxd3 21. Qxd3 Bh6 22. Bxh6 Qxh6 23. Bc2 Nh5 24. Rfa1 Rab8 25. b3 Nf4 26. Qf1 Rfc8 27. c4 dxc4 28. bxc4 Rb2 29. R1a2 Qg7 30. Qf2 Rxa2 31. Rxa2 Rxc4 32. Rxa5 Qxd4 33. Ra2 Ne2+ 34. Kf1 Qxf2+ 35. Kxf2 Nc3 36. Ra8+ Kg7 37. Ke3 Rb4 38. Kd2 Nd5 39. g3 h5 40. Ra3 Rb2 41. Kc1 Rb6 42. Kd2 Kf6 43. Rb3 Ra6 44. Rb2 Ke5 45. Rb7 Kf6 46. Rb2 Ra1 47. Be4 Rh1 48. Kd3 Ne7 49. f4 Rd1+ 50. Rd2 Ra1 51. Ke3 Ng8 52. h3 Nh6 53. Kf3 Rh1 54. Kg2 Re1 55. Bf3 Ng8 56. Kf2 Ra1 57. Be4 Ne7 58. g4 h4 59. g5+ Kg7 60. Re2 Nf5 61. Bxf5 gxf5 62. Re3 Kg6 63. Re2 Ra3 64. Re3 Rxe3 65. Kxe3 Kg7 66. Kd3 Kf8 67. Kd4 Ke8 68. Kc4 Kd7 69. Kd3 Kc6 70. Kc4 Kd6 71. Kd4 e5+ 72. fxe5+ Ke6 73. Ke3 Kxe5 74. Kf3 0-1

[Event "Budapest FS10 IM-B"]
[Site "Budapest"]
[Date "1995.??.??"]
[Round "6"]
[White "Navarovszky, Laszlo"]
[Black "Majigsuren, Dovdon"]
[Result "1-0"]
[WhiteElo "2295"]
[BlackElo "2155"]
[PlyCount "69"]
[EventDate "1995.10.??"]
[EventType "tourn"]
[EventRounds "11"]
[EventCountry "HUN"]
[EventCategory "2"]
[SourceTitle "CBM 050 Extra"]
[Source "ChessBase"]
[SourceDate "1996.03.01"]
[SourceVersion "1"]
[SourceVersionDate "1996.03.01"]
[SourceQuality "1"]

1. d4 Nf6 2. c4 g6 3. Nf3 Bg7 4. g3 d5 5. cxd5 Nxd5 6. Bg2 0-0 7. 0-0 c6 8. Nc3 Nxc3 9. bxc3 c5 10. Be3 cxd4 11. Nxd4 Qa5 12. Qb3 e5 13. Nb5 Be6 14. Qb4 Nc6 15. Bxc6 Qxb4 16. cxb4 bxc6 17. Nxa7 Bd5 18. Rac1 Rfb8 19. a3 Bf8 20. Rfd1 Rb7 21. Nxc6 Bxc6 22. Rxc6 Rxa3 23. Rd8 Kg7 24. Bg5 Bxb4 25. Bf6+ Kh6 26. Rc4 g5 27. h4 Be7 28. hxg5+ Kg6 29. Rg8+ Kf5 30. g4+ Ke6 31. Re8 Ra6 32. Re4 Ra5 33. f4 Kd6 34. Bxe5+ Kd7 35. Rxe7+ 1-0

[Event "Olympiad Women-31"]
[Site "Moscow"]
[Date "1994.12.12"]
[Round "11"]
[White "Majigsuren, Dovdon"]
[Black "Tamin, Upi Darmayana"]
[Result "0-1"]
[WhiteElo "2125"]
[BlackElo "2140"]
[PlyCount "100"]
[EventDate "1994.12.01"]
[EventType "team-swiss"]
[EventRounds "14"]
[EventCountry "RUS"]
[SourceTitle "EXT 2019"]
[Source "ChessBase"]
[SourceDate "2018.10.10"]
[SourceVersion "1"]
[SourceVersionDate "2018.10.10"]
[SourceQuality "1"]
[WhiteTeam "Mongolia (W)"]
[BlackTeam "Indonesia (W)"]
[WhiteTeamCountry "MGL"]
[BlackTeamCountry "INA"]

1. e4 c5 2. Nf3 d6 3. d4 cxd4 4. Nxd4 Nf6 5. Nc3 a6 6. Bg5 e6 7. f4 Be7 8. Qf3 h6 9. Bh4 g5 10. fxg5 Nfd7 11. Qh5 Ne5 12. Bg3 Bxg5 13. Bxe5 dxe5 14. Nf3 Nc6 15. Bd3 Bd7 16. g3 Qb6 17. Nxg5 Qe3+ 18. Be2 Qxg5 19. Rf1 0-0 20. Qxg5+ hxg5 21. 0-0-0 Nd4 22. g4 Rac8 23. Bd3 Kg7 24. Rf2 Rh8 25. Ne2 Nxe2+ 26. Bxe2 Bc6 27. Bf3 Rh4 28. b3 Rch8 29. Rdd2 Rh3 30. a4 R8h4 31. Rde2 Kg6 32. Kb2 Kg7 33. Ka3 f5 34. gxf5 exf5 35. Bg2 Rxh2 36. Rxf5 Rg4 37. Bf3 Rxe2 38. Bxe2 Rxe4 39. Rxg5+ Kf6 40. Rg2 Rxa4+ 41. bxa4 Bxg2 42. Kb4 e4 43. Kc5 Ke5 44. Kb6 Bf3 45. Bf1 e3 46. c4 Kd4 47. a5 Kc3 48. c5 Kd2 49. Bc4 e2 50. Bxe2 Kxe2 0-1

[Event "Olympiad Women-31"]
[Site "Moscow"]
[Date "1994.12.05"]
[Round "5"]
[White "Botan, Madalina S"]
[Black "Majigsuren, Dovdon"]
[Result "0-1"]
[WhiteElo "2225"]
[BlackElo "2125"]
[PlyCount "71"]
[EventDate "1994.12.01"]
[EventType "team-swiss"]
[EventRounds "14"]
[EventCountry "RUS"]
[SourceTitle "EXT 2019"]
[Source "ChessBase"]
[SourceDate "2018.10.10"]
[SourceVersion "1"]
[SourceVersionDate "2018.10.10"]
[SourceQuality "1"]
[WhiteTeam "France (W)"]
[BlackTeam "Mongolia (W)"]
[WhiteTeamCountry "FRA"]
[BlackTeamCountry "MGL"]

1. e4 e5 2. Nf3 Nc6 3. d4 exd4 4. Nxd4 Nf6 5. Nc3 Bb4 6. Nxc6 bxc6 7. Bd3 d5 8. exd5 cxd5 9. 0-0 0-0 10. Bg5 c6 11. Ne4 Bd6 12. Qf3 Be5 13. Rfe1 Qc7 14. h3 h6 15. Bd2 Be6 16. Nc5 Bxb2 17. Rab1 Bd4 18. Rxe6 fxe6 19. Nxe6 Qd6 20. Nxf8 Rxf8 21. Bf4 Qe7 22. Bg3 Ne4 23. Bxe4 Rxf3 24. Bxf3 Bb6 25. Rd1 Qf6 26. Re1 Qg6 27. Bh4 Qxc2 28. Re8+ Kh7 29. Re7 Bd4 30. Re2 Qd1+ 31. Kh2 Bf6 32. Bg3 a5 33. Bg4 Qb1 34. h4 d4 35. h5 c5 36. Bf3 0-1